Edgar Allan Poe nhà văn trinh thám và kinh dị xuất sắc /

Na minha lista:
Detalhes bibliográficos
Autor principal: Lê Đình Cúc
Formato: Artigo
Idioma:Vietnamese
Assuntos:
Tags: Adicionar Tag
Sem tags, seja o primeiro a adicionar uma tag!
Thư viện lưu trữ: Thư viện Trường Đại học Đà Lạt
LEADER 00779nam a2200289 4500
001 DLU060000155
040 # # |a DLU  |b vie 
041 # # |a vie 
044 # # |a vn 
100 # # |a Lê Đình Cúc 
245 # # |a Edgar Allan Poe nhà văn trinh thám và kinh dị xuất sắc /  |c Lê Đình Cúc 
653 # # |a Edgar Allan Poe  
653 # # |a Nhà văn 
653 # # |a Truyện trinh thám 
653 # # |a Văn học Anh 
773 # # |t Văn học  |g Số 8, 2000, tr.49-56 
920 # # |a Phòng Tạp chí -- Trung tâm Thông tin - Thư viện Trường Đại học Đà Lạt 
933 # # |a CT, TN 
994 # # |a DLU 
900 # # |a True 
911 # # |a Nguyễn Thị Yên 
925 # # |a G 
926 # # |a A 
927 # # |a BB 
980 # # |a Thư viện Trường Đại học Đà Lạt